Παραγωγή ντοκιμαντέρ με τίτλο The peacekeepers και θέμα τους Κυανόκρανους του ΟΗΕ και το πολιτικό πρόβλημα της Αμπχαζίας : πτυχιακή εργασία

Αποθηκεύτηκε σε:
Λεπτομέρειες βιβλιογραφικής εγγραφής
Κύριος συγγραφέας: Λεονταρή, Ειρήνη
Συγγραφή απο Οργανισμό/Αρχή: Πανεπιστήμιο Αιγαίου. Σχολή Κοινωνικών Επιστημών. Τμήμα Πολιτισμικής Τεχνολογίας και Επικοινωνίας
Μορφή: Thesis Βιβλίο
Γλώσσα:Greek
Δημοσίευση: Μυτιλήνη : Πανεπιστήμιο Αιγαίου, Τμήμα Πολιτισμικής Τεχνολογίας και Επικοινωνίας, 2006
Θέματα:
Διαθέσιμο Online:http://hdl.handle.net/11610/10704
Ετικέτες: Προσθήκη ετικέτας
Δεν υπάρχουν, Καταχωρήστε ετικέτα πρώτοι!

MARC

LEADER 00000cam a2200000 i 4500
001 1/38774
008 061205s2006 gre d
035 |l 10086425 
040 |a GR-MY-UA  |b gre  |e aacr 
041 0 |a gre 
082 0 |a 791.43  |2 (22) 
100 1 |a Λεονταρή, Ειρήνη. 
245 1 0 |a Παραγωγή ντοκιμαντέρ με τίτλο The peacekeepers και θέμα τους Κυανόκρανους του ΟΗΕ και το πολιτικό πρόβλημα της Αμπχαζίας :  |b πτυχιακή εργασία /  |c της Ειρήνης Λεονταρή 
260 |a Μυτιλήνη :   |b Πανεπιστήμιο Αιγαίου, Τμήμα Πολιτισμικής Τεχνολογίας και Επικοινωνίας,   |c 2006 
300 |a 48 σ.;  |b εικ.;  |c 30 εκ. 
502 |a Πτυχιακή εργασία – Πανεπιστήμιο Αιγαίου, Λέσβος, 2006. 
504 |a Περιλαμβάνει βιβλιογραφία 
610 1 0 |a United Nations  |x Peacekeeping forces  |z Abkhazia (Georgia) 
650 0 0 |a Documentary films  |x Production and direction. 
650 0 0 |a Documentary videos. 
650 0 0 |a Dissertations, Academic  |z Greece. 
710 2 |a Πανεπιστήμιο Αιγαίου.   |b Σχολή Κοινωνικών Επιστημών.   |b Τμήμα Πολιτισμικής Τεχνολογίας και Επικοινωνίας. 
852 |a INST  |b LESVOS  |c DIATR  |e 20061205  |h 159  |p 005100037443  |q 005100037443  |t DIE  |y 23 
852 |a INST  |b LESVOS  |c DIATR  |e 20061205  |h 160  |p 005100037448  |q 005100037448  |t DIE  |y 23 
856 |u http://hdl.handle.net/11610/10704 
901 |a BIBL1-2006-3 
909 |a Λ  |b 129987 
909 |a Λ  |b 129988 
924 |a ΛΕΟΝΤΑΡΗ  |b ΕΙΡΗΝΗ  |y ΛΕΣΒΟΣ  |z 2006-10 
970 |a ΤΖΑΦΕΡΗ  |b ΕΥΑΓΓΕΛΙΑ  |z 2006/12/05